000 00504nam a22001577a 4500
005 20251108172635.0
008 250721s2001 xx 000 0 ara d
082 1 4 _a347,01/خلا
100 1 _aخلاد، محمد
245 1 0 _aالإجتهاد القضائي /
264 1 _aعمان :
_bالدار العلمية الدولية للنشر و التوزيع،
_c2001.
300 _aج
650 1 7 _aمحاكم التمييز الإجراءات ( قانون )
942 _2ddc
_cBK
999 _c84752
_d84752